00516 2200193 4500001002100000005001500021035002000036245006900056100002700125250000700152300003200159260003600191082001300227084001900240020001800259600002700277990000900304990000900313INLIS00000000000004420251020091611 a0010-10250000301 aPedoman Budidaya Beternak Ayam Broiler /cTim Karya Tani Mandiri0 aTim Karya Tani Mandiri a1. aviii + 152 hlm. ;c19,5 cm. aBandung :bNuansa Aulia,c2009. a636. 513 a636. 513 TIM p a9789790710399 4aTim Karya Tani Mandiri a1627 a1628